Jídelní chování dětí v mateřské škole

Problematika správania detí v materskej škole počas spoločného stravovania. Správanie detí môže odhaliť nedostatky vo výchove správnych stravovacích návykov v rodine, odchýlky od normálneho príjmu potravy aj poruchu správania. Výsledky pozorovaní slúžia pri pochopení psychologických problémov u dieť...

Ausführliche Beschreibung

Gespeichert in:
Bibliographische Detailangaben
1. Verfasser: Fraňková, Slávka
Format: Buchkapitel
Sprache:Tschechisch
Schlagworte:
Tags: Tag hinzufügen
Keine Tags, Fügen Sie das erste Tag hinzu!

MARC

LEADER 00000naa a2200000 4500
001 0226903
005 20221019173109.4
041 0 |a cze 
044 |a CZ 
245 1 0 |a Jídelní chování dětí v mateřské škole  |c Slávka Fraňková 
520 |a Problematika správania detí v materskej škole počas spoločného stravovania. Správanie detí môže odhaliť nedostatky vo výchove správnych stravovacích návykov v rodine, odchýlky od normálneho príjmu potravy aj poruchu správania. Výsledky pozorovaní slúžia pri pochopení psychologických problémov u dieťaťa ako aj príčin negatívneho vzťahu k materskej škole. Výsledky výskumu uskutočneného v 16 materských školách v Prahe. 
610 2 0 |a školstvo 
610 2 0 |a deti 
610 2 0 |a stravovanie školské 
610 2 0 |a stravovanie spoločné 
610 2 0 |a psychológia 
610 2 0 |a správanie 
610 2 0 |a socializácia 
100 1 |a Fraňková, Slávka